Las TIC para la igualdad nuevas tecnologías y atención a la diversidad (Registro nro. 166461)
[ vista simple ]
| 000 -ENCABEZADO | |
|---|---|
| Número de control [NR] | 01169nam a22002777a 4500 |
| 005 - FECHA Y HORA DE LA ÚLTIMA TRANSACCIÓN | |
| control field | 20180312112551.0 |
| 008 - DE LONGITUD FIJA DE DATOS DE ELEMENTOS - INFORMACIÓN GENERAL | |
| Elementos de longitud fija [NR] | 130516s2007 sp ad frn 000 0 spa |
| 020 ## - NUMERO INTERNACIONAL NORMALIZADO PARA LIBROS [R] | |
| Número Internacional Normalizado del libro [NR] | 8466574867 |
| 020 ## - NUMERO INTERNACIONAL NORMALIZADO PARA LIBROS [R] | |
| Número Internacional Normalizado del libro [NR] | 9788466574860 |
| 040 ## - FUENTE DE CATALOGACION [NR] | |
| Agencia de catalogación original [NR] | CO-BoUCM |
| Idioma de catalogación [NR] | spa |
| Quien Cataloga | |
| Quien Clasifica | Aldemar Mondragón |
| 041 00 - CODIGO DE IDIOMA [R] | |
| Código de idioma para texto/pista de sonido o título separado [R] | Español |
| 060 ## - SIGNATURA TOPOGRAFICA DE LA BIBLIOTECA NACIONAL DE MEDICINA (NLM) [R] | |
| Número clasificador [R] | WA 26.5 |
| 245 04 - MENCION DE TITULO [NR] | |
| Título [NR] | Las TIC para la igualdad nuevas tecnologías y atención a la diversidad |
| Mención de responsabilidad, etc. [NR] | coordinadores, Julio Cabero Almenara, Margarita Córdoba Pérez, José María Fernández Batanero |
| 260 ## - PUBLICACION, DISTRIBUCION, ETC. (PIE DE IMPRENTA) [R] | |
| Lugar de publicación, distribución, etc. [R] | Sevilla |
| Nombre del editor, distribuidor, etc. [R] | Editorial MAD |
| Fecha de publicación, distribución, etc. [R] | 2007 |
| Fecha de fabricación [R] | 2008 |
| 300 ## - DESCRIPCION FISICA [R] | |
| Extensión [R] | 265 páginas |
| Otros detalles físicos [NR] | ilustraciones y gráficas |
| 490 0# - MENCION DE SERIE [R] | |
| Mención de serie [R] | Eduforma |
| 504 ## - NOTA DE BIBLIOGRAFIA, ETC. [R] | |
| Nota de bibliografía, etc. [NR] | Incluye referencias bibliográficas |
| 650 #7 - ASIENTO SECUNDARIO DE MATERIA - TERMINO TEMATICO [R] | |
| Término temático o nombre geográfico como elemento de entrada [NR] | Ayudas técnicas para personas con discapacidad |
| 9 (RLIN) | 37610 |
| 650 #7 - ASIENTO SECUNDARIO DE MATERIA - TERMINO TEMATICO [R] | |
| Término temático o nombre geográfico como elemento de entrada [NR] | Niños con discapacidad |
| Subdivisión general [R] | Educación |
| 9 (RLIN) | 37609 |
| 650 #7 - ASIENTO SECUNDARIO DE MATERIA - TERMINO TEMATICO [R] | |
| Término temático o nombre geográfico como elemento de entrada [NR] | Ordenadores y personas con discapacidad |
| 9 (RLIN) | 37611 |
| 690 ## - ASUNTO AGREGADO LOCAL DE ENTRADA - TÉRMINO TEMÁTICO (OCLC, RLIN) | |
| Acceso temático local | Salud pública |
| 700 1# - ASIENTO SECUNDARIO - NOMBRE PERSONAL [R] | |
| Nombre personal [NR] | Cabero Almenara, Julio |
| Fechas asociadas con el nombre [NR] | 1958- |
| Término de relación [R] | coordinador |
| 9 (RLIN) | 37612 |
| 700 1# - ASIENTO SECUNDARIO - NOMBRE PERSONAL [R] | |
| Nombre personal [NR] | Córdoba Pérez, Margarita |
| Término de relación [R] | coordinador |
| 9 (RLIN) | 37613 |
| 700 1# - ASIENTO SECUNDARIO - NOMBRE PERSONAL [R] | |
| Nombre personal [NR] | Fernández Batanero, José María |
| Término de relación [R] | coordinador |
| 9 (RLIN) | 37614 |
| 942 ## - ELEMENTOS DE ENTRADA AGREGADOS (KOHA) | |
| Tema principal | Ciencias de la salud |
| Tipo de ítem principal el descrito en 300a | Libro de reserva |
| Edición | 1 |
| Parte restante de la signatura top. | T555 |
| Sistema de clasificación | NLM |
| Clasificación | WA 26.5 |
| Título oculto en OPAC | No |
| Signatura topográfica | Código de barras | Última vez visto | Ejemplar | Costo de reposición | Price effective from | Tipo de ítem | Perdido | Sistema de clasificación | Dañado | No prestable | Tipo de ítem específico | Suprimido | Ubicación habitual | Ubicación actual | Localización | Fecha de creación | Proveedor | Forma de adquisición | Costo |
|---|---|---|---|---|---|---|---|---|---|---|---|---|---|---|---|---|---|---|---|
| WA 26.5 T555 | 200024514 | 02/02/2026 | Ej.1 | 46246.00 | 10/05/2013 | Libro | DEWEY | Libro | Quinta de Mutis | Quinta de Mutis | 1er piso | 10/05/2013 | 15 | Compra | 46500.00 |